Osmanlı dönemi Kırım edebiyatı/ (Record no. 58461)
| 000 -BAŞLIK | |
|---|---|
| Sabit Uzunluktaki Kontrol Alanı | 01346nam a22003977a 4500 |
| 001 - KONTROL NUMARASI | |
| Control Dosyası | 0058657 |
| 003 - KONTROL NUMARASI KİMLİĞİ | |
| Kontrol Alanı | KOHA_MİRAKIL |
| 005 - EN SON İŞLEM TARİHİ ve ZAMANI | |
| Kontrol Alanı | 20260207004200.0 |
| 007 - FİZİKSEL TANIM SABİT ALAN - GENEL BİLGİ | |
| Sabit uzunluklu kontrol alanı | ta |
| 008 - SABİT UZUNLUKTAKİ VERİ ÖGELERİ - GENEL BİLGİ | |
| Sabit Alan | 160627b2000 tu |||gr||||#||||1|tur | |
| 020 ## - ISBN - ULUSLARARASI STANDART KİTAP NUMARASI | |
| Isbn | 9751723590 |
| 040 ## - KATALOGLAMA KAYNAĞI | |
| Özgün Kataloglama Kurumu | TR-BiSEU |
| Kataloglama Dili | tur |
| Çeviri Kurumu | TR-BiSEU |
| Açıklama Kuralları | rda |
| 041 0# - DİL KODU | |
| Metin ya da ses kaydının dil kodu | tur |
| 044 ## - YAYINLAYAN/ÜRETEN KURULUŞUN ÜLKE KODU | |
| ISO country code | tu |
| 050 ## - SINIFLAMA ve YER NUMARASI | |
| Sınıflama Numarası | PL66.5 |
| Yer Numarası | .K87 2000 |
| 100 1# - KİŞİ ADI | |
| Yazar Adı (Kişi adı) | Kurnaz, Cemal. |
| 245 1# - ESER ADI BİLDİRİMİ | |
| Başlık | Osmanlı dönemi Kırım edebiyatı/ |
| Sorumluluk Bildirimi | Cemal Kurnaz ; Cemal Kurnaz, Halil Çeltik. |
| 264 #1 - ÜRERİM, YAYIN, DAĞITIM ve TELİF BİLDİRİMİ | |
| Yayın yeri | Ankara : |
| Yayınlayan | T.C. Kültür Bakanlığı |
| Yayın tarihi | 2000 |
| 300 ## - FİZİKSEL TANIMLAMA | |
| Sayfa, Cilt vb. | X, 413 sayfa ; |
| Boyutları | 20 cm. |
| 336 ## - İÇERİK TÜRÜ | |
| Content type term | metin |
| Content type code | txt |
| Source | rdacontent |
| 337 ## - MEDYA TÜRÜ | |
| Media type term | aracısız |
| Media type code | n |
| Source | rdamedia |
| 338 ## - TAŞIYICI TÜRÜ | |
| Carrier type term | cilt |
| Carrier type code | nc |
| Source | rdacarrier |
| 490 1# - DİZİ BİLDİRİMİ | |
| Dizi Bildirimi | T.C. |
| 490 1# - DİZİ BİLDİRİMİ | |
| Dizi Bildirimi | Kültür Bakanlığı yayınları ; |
| Cilt Numarası | 2378. |
| 490 1# - DİZİ BİLDİRİMİ | |
| Dizi Bildirimi | Osmanlı Eserleri dizisi ; |
| Cilt Numarası | 17. |
| 500 ## - GENEL NOT | |
| Genel Not | Dizin var. |
| 500 ## - GENEL NOT | |
| Genel Not | Kaynakça var. |
| 650 #0 - KONU BAŞLIĞI EK GİRİŞ - KONU TERİMİ | |
| Konusal terim veya coğrafi ad | Poets, Crimean Tatar--Ukraine--Respublika. Krym--Biography. |
| 9 (RLIN) | 108533 |
| 650 #0 - KONU BAŞLIĞI EK GİRİŞ - KONU TERİMİ | |
| Konusal terim veya coğrafi ad | Crimean Tatar Poetry--Ukraine--Respublika Krym. |
| 9 (RLIN) | 108534 |
| 650 #0 - KONU BAŞLIĞI EK GİRİŞ - KONU TERİMİ | |
| Konusal terim veya coğrafi ad | Şairler, Kırım Tatarları--Ukrayna--Kırım--Biyografi. |
| 9 (RLIN) | 108535 |
| 650 #0 - KONU BAŞLIĞI EK GİRİŞ - KONU TERİMİ | |
| Konusal terim veya coğrafi ad | Kırım Tatar Şiiri--Kırım. |
| 9 (RLIN) | 108536 |
| 830 1# - SERİ EK GİRİŞİ - TEKBİÇİM ESER ADI | |
| Tekbiçim Başlık | T.C. |
| 9 (RLIN) | 6297 |
| 830 1# - SERİ EK GİRİŞİ - TEKBİÇİM ESER ADI | |
| Tekbiçim Başlık | Kültür Bakanlığı yayınları ; |
| Volume number/sequential designation | 2378. |
| 9 (RLIN) | 6658 |
| 830 1# - SERİ EK GİRİŞİ - TEKBİÇİM ESER ADI | |
| Tekbiçim Başlık | Osmanlı Eserleri dizisi ; |
| Volume number/sequential designation | 17. |
| 9 (RLIN) | 108537 |
| 942 ## - EK GİRİŞ ÖGELERİ (KOHA) | |
| Source of classification or shelving scheme | Library of Congress Classification |
| Koha item type | Book |
| Materyal Türü | Kalıcı Konum | Mevcut Konum | Raf Yeri | Sınıflandırma Kaynağı | Edinim Bilgisi | Ana Konular | Alt Konular | Yer Numarası | Demirbaş Numarası | Fatura Tarihi | Geri Çekilme Durumu | Kayıp Durumu | Hasarlı Durumu | Kredi için değil | Kayıt Tarih | Toplam Ödünçverme | Son Görülme Tarihi | Son Kontrol Tarihi | Genel / Bağış Notu |
|---|---|---|---|---|---|---|---|---|---|---|---|---|---|---|---|---|---|---|---|
| Book | Prof. Dr. Azmi Özcan Kütüphanesi | Prof. Dr. Azmi Özcan Kütüphanesi | Birûni Salonu | Library of Congress Classification | Bağış | DİL VE EDEBİYAT | Doğu Asya, Afrika, Okyanusya Dilleri ve Edebiyatları | PL66.5 .K87 2000 | 0058657 | 02/02/2026 | 27/06/2016 | 05/12/2024 | 05/12/2024 | Abdulkerim Abdulkadiroğlu, Akademisyen |
